Elliott Smith: Albums by Cover - Statistics

General Stats
  • This quiz has been taken 58 times
  • The average score is 5 of 5
Answer Stats
Picture Hint Answer % Correct
2000 Figure 8
96%
1997 Either/Or
94%
1998 XO
92%
1994 Roman Candle
90%
1995 Elliott Smith
82%
No matching quizzes found
Score Distribution
Percent of People with Each Score
Percentile by Number Answered
Your Score History
You have not taken this quiz